000 00828nam a22002417a 4500
003 6571
005 20260305140841.0
008 260305b |||||||| |||| 00| 0 eng d
040 _aISTHMUS
_bSpa
_cISTHMUS
082 _222
_a720.67 V 428
100 _aVarios autores/
245 _a Memoria Trimestre Especial, Brasil, Ideias, Encontros, Memória 2025/
_cVarios autores
260 _aPanamá;
_bPanamá;
_cDiciembre 2025
300 _a210 paginas ;
_bImágenes
490 _3Trimestre Especial
_aViaje
600 _aVarios autores
_vPanamá
_xTrimestre especial
610 _2Panamá
_vViaje
648 _2Panamá
_vArquitectura
650 _2Panamá
_vDiseño Industrial
651 _2Panamá
_xArquitectura Interior
654 _2Panamá
_vBrasil
942 _2ddc
_cBK
_h720.67 V 428
_m720.67 V428
_n0
999 _c58
_d58